Čo hovoria logá

Spotrebitelia sa pri nakupovaní správajú čoraz zodpovednejšie k životnému prostrediu. Okrem iného to znamená, že si vyberajú produkty, ktoré sú zodpovedne vyrobené. Takéto produkty bývajú špeciálne označené, pričom ich škála je široká. Firmy ponúkajú množstvo produktov vyrábaných s ohľadom na životn...

Ausführliche Beschreibung

Gespeichert in:
Bibliographische Detailangaben
Format: Buchkapitel
Sprache:Slowakisch
Schlagworte:
Tags: Tag hinzufügen
Keine Tags, Fügen Sie das erste Tag hinzu!

MARC

LEADER 00000naa a2200000 4500
001 0246370
005 20180713120506.4
041 0 |a slo 
044 |a SK 
245 1 0 |a Čo hovoria logá 
520 |a Spotrebitelia sa pri nakupovaní správajú čoraz zodpovednejšie k životnému prostrediu. Okrem iného to znamená, že si vyberajú produkty, ktoré sú zodpovedne vyrobené. Takéto produkty bývajú špeciálne označené, pričom ich škála je široká. Firmy ponúkajú množstvo produktov vyrábaných s ohľadom na životné prostredie, ale aj ľudí. Sú ľahko rozoznateľné vďaka špeciálnym logám. Príklady log (Bio výrobky, Fair Trade, Vegan, 100% Eco Friendly). 
610 2 0 |a logo 
610 2 0 |a prostredie životné 
610 2 0 |a označovanie tovarov 
610 2 0 |a zodpovednosť 
610 2 0 |a správanie spotrebiteľa